| 000 | 00708nam a22001697a 4500 | ||
|---|---|---|---|
| 003 | UA-OsUOA | ||
| 001 | 15464 | ||
| 007 | ta | ||
| 008 | 20031111b un ||||| |||| 00| 0 ukr d | ||
| 100 | _aСтецюк Т. | ||
| 942 | _cSA | ||
| 040 |
_aUA-OsUOA _cUA-OsUOA _dUA-OsUOA |
||
| 245 |
_aЧерез посилення соцзахисту - до оновлення профспілок : [III пленум Рівнен. обл. ком. профспілки працівників автомоб. транспорту та шлях. госп-ва] _cСтецюк Т. |
||
| 955 | _a0 | ||
| 773 | 0 |
_w0 _tЗа відродження _dРівне _d2003 _g№28/11 лип./ |
|
| 650 | 7 |
_aКраєзнавча робота _2UDC |
|
| 999 |
_c301629 _d301629 |
||